Quảng cáo ấn tượng = Instant advertising

Cung cấp 145 chiến lược giúp bạn có cái nhìn tổng quan về cách tạo ra một chiến dịch quảng cáo hiệu quả, tiếp cận nhiều hơn khách hàng tiềm năng mà không làm vơi đi ngân sách.

Đã lưu trong:
书目详细资料
主要作者: Sugars, Bradley J.
其他作者: Phương Hạ (Dịch), Gia Bảo (Dịch), Lê Minh Tuấn (Hiệu đính)
格式: 图书
语言:Vietnamese
出版: H. Công thương 2020
主题:
标签: 添加标签
没有标签, 成为第一个标记此记录!
Thư viện lưu trữ: Thư viện Trường Đại học Nam Cần Thơ
LEADER 01193nam a22002297a 4500
001 NCT_85435
008 201001b xxu||||| |||| 00| 0 vie d
999 |c 4220  |d 4220 
020 |a 9786049315022  |c 199000 
082 0 4 |2 23rd ed.  |a 659.11  |b S947 
100 1 |a Sugars, Bradley J. 
245 1 0 |a Quảng cáo ấn tượng =  |b Instant advertising  |c Bradley J. Sugars ; Phương Hạ, Gia Bảo (Dịch) ; Lê Minh Tuấn (Hiệu đính) 
260 |a H.  |b Công thương  |c 2020 
300 |a 374 tr.  |c 23cm 
520 3 |a Cung cấp 145 chiến lược giúp bạn có cái nhìn tổng quan về cách tạo ra một chiến dịch quảng cáo hiệu quả, tiếp cận nhiều hơn khách hàng tiềm năng mà không làm vơi đi ngân sách. 
653 |a Quan hệ công chúng 
700 0 |a Phương Hạ  |e Dịch 
700 0 |a Gia Bảo   |e Dịch 
700 1 |a Lê Minh Tuấn  |e Hiệu đính 
942 |2 ddc  |c BK 
952 |0 0  |1 0  |2 ddc  |4 0  |6 659_110000000000000_S947  |7 0  |9 20346  |a 000001  |b 000001  |d 2020-10-01  |o 659.11 S947  |p MD.17672  |r 2020-10-01  |v 199000.00  |w 2020-10-01  |y BK 
980 |a Thư viện Trường Đại học Nam Cần Thơ